000
00295nam a2200121Ia 4500
008
220120s9999||||xx |||||||||||||| ||und||
082
_a
823 MAL
100
_a
Malouf, David
_9
11842
245
0
_a
Dream stuff
260
_a
Vintage
_b
Bangalore
_c
2001
300
_a
500p.
_b
275
650
_a
ELECTRONICS
999
_c
137380
_d
137380